| 000 | 00440nam a2200145 a 4500 | ||
|---|---|---|---|
| 001 | 000038771 | ||
| 005 | 20240402134028.0 | ||
| 008 | 130422s2001 dr 000 0 spa d | ||
| 040 |
_aDO-SdBNP _bspa _cBNPHU |
||
| 100 | 1 |
_aPotentini Adames, Trajano Vidal _973577 |
|
| 245 | 1 | 0 |
_aCódigo de comercio de la República Dominicana / _cTrajano Vidal Potentini. |
| 250 | _a3a ed. | ||
| 260 |
_aMoca : _bDalis, _c2001. |
||
| 300 |
_a184 p. ; _c17 cm. |
||
| 999 |
_c38261 _d38261 |
||